000 00546nam a2200193 i 4500
001 33918
003 ES-MaACL
005 20230906154838.0
007 t|
008 030203s1932 fr ||||1| fre d
100 1 _aBocquet, Leon.
_9199674
245 1 3 _aLa littérature française de Belgique /
_cLeon Bocquet.
260 _aParis :
_bAlbert Messeir,
_c1932 (
_fImp. M. Benoist)
300 _a200 p. ;
_c20 cm.
490 1 _aEssais et critique
830 0 _aEssais et critique
_9186460
852 _aES-MaACL
_jA-2131
999 _c33918
_d33918